| 000 | 00507 a2200157 4500 | ||
|---|---|---|---|
| 999 |
_c4207 _d4207 |
||
| 020 | _a9780627025303 | ||
| 050 | _aLB 2805 DEV 2003 | ||
| 100 |
_aDeventer, Van. l _eEditor |
||
| 245 |
_aAn educator's guide to school management skills / _cI. Van Deventer and A. G Kruger |
||
| 264 |
_aPretoria: _bVan Schaik Publishers, _c2003 |
||
| 300 |
_axviii, 296p. : _bill. |
||
| 500 | _aIncludes index | ||
| 650 | _aSchool management and organization | ||
| 700 |
_aKruger, A G _eEditor |
||
| 942 |
_2lcc _cBK _h2805 _iDEV _kLB |
||